Metal Gear 2: Solid Snake Characters - Statistics

General Stats
  • This quiz has been taken 28 times
  • The average score is 4 of 18
Answer Stats
Faction Answer % Correct
FoxHound Solid Snake
100%
Zanzibar Land Forces Big Boss
71%
Zanzibar Land Forces Gray Fox
67%
FoxHound Roy Campbell
42%
Others Gustava Heffner
21%
Zanzibar Land Forces Running Man
21%
Others Drago Pettrovich Madnar
17%
Others Holly White
17%
Others Kio Marv
17%
Zanzibar Land Forces Black Ninja
13%
Zanzibar Land Forces Jungle Evil
13%
Zanzibar Land Forces Four Horsemen
8%
FoxHound Charlie
4%
Others Johan Jacobson
4%
Zanzibar Land Forces Night Fright
4%
FoxHound George Kasler
0%
FoxHound McDonnell Miller
0%
Zanzibar Land Forces Red Blaster
0%
No matching quizzes found
Score Distribution
Percent of People with Each Score
Percentile by Number Answered
Your Score History
You have not taken this quiz